000 00422nam a2200157 a 4500
001 10854
005 20180713194951.0
008 140415s1983 000 0 spa d
041 _aspa
082 _a658.154
_bPYH
100 1 _aPYHRR, PETER A.
245 1 0 _aPRESUPUESTO BASE CERO :
_bMETODO PRACTICO PARA EVALUAR GASTOS
260 _a[s.l.] :
_bLIMUSA,
_c1983
300 _a277
650 1 4 _aPRESUPUESTO
999 _c10854
_d10854